00388nam a2200145Ia 4500008004100000040001900041041001200060082002000072100001900092245003500111260003300146300001900179650002600198850001800224131103s9999 xx 000 0 und d aLoreto College aEnglish a282/MEUbLCLIB/ aMeulder, E. De aIndian immortalcE. De Meulder aRanchibCatholic pressc1946 a262p. c 20cm. aRoman catholic charch aLCLIB/282/MEU